Регионална библиотека "Любен Каравелов" - Русе

Електронно и дистанционно обучение чрез системата Moodle (Запис номер 40405)

MARC детайли
000 -Лидер
Контролно поле с фиксирана дължина 02000nam a2200385 c 4500
003 - Код на организацията, давaща контролен номер
Контролно поле BLK
005 - Дата и час на последна редакция
Контролно поле 20220330103010.0
008 - Елементи от данни с фиксирана дължина
fixed length control field 180408b bul|||||r ||||||| ||bul||
010 ## - Наследен системен номер
LC control number KNG00043846000
020 ## - Международен стандартен номер на книга ISBN
Международен стандартен номер на книга ISBN 978-954-9925-43-2
-- издат.: Божич
040 ## - Източник на каталожния запис
Идентификатор на билиотеката - собственик на записа BLK
041 ## - Код за език
Код за езика на текст/звукозапис или на отделно заглавие Български
Код за езика КДБФ Български
080 ## - УДК
Текстов определител УДК Организация на възпитанието и образованието. Училищно дело.
УДК код - определител по УДК 37.09
УДК определител .014.544:681.3
УДК - код + определител 37.09.014.544:681.3
080 ## - УДК
Текстов определител УДК Организация на възпитанието и образованието. Училищно дело.
УДК код - определител по УДК 37.09
УДК определител .04
УДК - код + определител 37.09.04
100 1# - Редна дума - Автор
Автор Жечева, Веселина Господинова
Авторска отговорност първи автор
R(LIN) 277186
139 ## - Редно поле
Редна дума Жечева, Веселина Господинова и др.
Авторски знак Жеч - Ж 46
245 10 - Сведения за заглавието
Заглавие Електронно и дистанционно обучение чрез системата Moodle
Редно поле (дума) Веселина Господинова Жечева; съавт. Николай Маринов Николов; съавт. Даниела Ананиева Орозова.
257 ## - Страна на издаване
Страна на създаване/издаване България
260 ## - Област на издателските данни
-- Бургас
Име на издателя, разпространителя и проч. Божич
Година на издаване 2011
300 ## - Физическа характеристика
Страници 110 с.
Илюстрации и др. с ил.
Размери/Мащаб 20 см
380 ## - Жанр
Жанр Техника
500 ## - Общи забележки
Забележка Библиогр. : с. 107-108.
650 #4 - Допълнително описание по предмет – тема
Основно описание – тема или топоним Обучение, дистанционно
9 (RLIN) 277189
650 #4 - Допълнително описание по предмет – тема
Основно описание – тема или топоним Информационни и комуникационни технологии - приложение - в образование и просвета
9 (RLIN) 245692
653 ## - Ключова дума – ненормативна
Ключова дума дистанционно обучение
653 ## - Ключова дума – ненормативна
Ключова дума информационни технологии
653 ## - Ключова дума – ненормативна
Ключова дума комуникационни технологии
700 1# - Други автори (авторска отговорност)
Лично име Николов, Николай Маринов
Автороска отговорност (Описва отношението между автора и произведението) съавт.
9 (RLIN) 277187
700 1# - Други автори (авторска отговорност)
Лично име Орозова, Даниела Ананиева
Автороска отговорност (Описва отношението между автора и произведението) съавт.
9 (RLIN) 277188
852 ## - Местоположение
Форматна сигнатура Цб 219669
856 4# - Електронен адрес и достъп
Електронен формат pdf - файл
Път до файла /url/
856 4# - Електронен адрес и достъп
Електронен формат pdf - файл
Път до файла /url/
942 ## - АРТИКУЛИ
Вид на библиотечния материал Книги
Скрит в OPAC Не
Koha issues (borrowed), all copies 2
944 ## - СЪЗДАВАНЕ И РЕДАКЦИЯ на ЗАПИСА
Създаване/Редакция Създаване
Дата на регистрацията/редакция 31.08.2011
Статус, дата на статуса ф /
Служител, извършил регистрацията/редакцията Валя_Йорданова
944 ## - СЪЗДАВАНЕ И РЕДАКЦИЯ на ЗАПИСА
Създаване/Редакция Редакция
Дата на регистрацията/редакция 17.04.2012
Статус, дата на статуса ф /
Служител, извършил регистрацията/редакцията
999 ## - СИСТЕМНИ КОНТРОЛНИ НОМЕРА
Koha biblionumber 40405
Koha biblioitemnumber 40405
Наличности
Код за отписване Код за изгубен артикул Източник на класификационната схема Код за повреда Коз за рестрикции Код за отдаване Артикулен № Име на библиотеката - собственик Име на библиотеката, в която се намира в момента Статус (Текущо местоположение) Дата на вписване в системата Местоположение - отдел Цена в лева Инвентарен номер Систематично азбучна сигнатура Баркод Номер на екземпляра Цена в евро Служебна бележка Служебен тип на артикула
  Не е изгубен Universal Decimal Classification Не е повреден без рестрикции заемане за дома 63213 Регионална библиотека "Любен Каравелов" Русе Регионална библиотека "Любен Каравелов" Русе Заемна - подръчен фонд 2011-08-31 Заемна - подръчен фонд 7.00 120000752683 37.09/Ж 46 В 120000752683 1 3.58 Дост: KN Вид: А N: 13 Дата: 31.08.2011 Дата инв: 08.02.2018 Бележки инв: П2018 Книги
  Не е изгубен   Не е повреден без рестрикции ползва се в читалня 63214 Регионална библиотека "Любен Каравелов" Русе Регионална библиотека "Любен Каравелов" Русе Хранилище 2012-04-20 Хранилище 7.00 120000757127 Цб 219669 120000757127 2 3.58 Дост: Dp Вид: Д N: 19 Дата: 10.05.2011 Книги
Vip Innovations Ltd, Rousse, Bulgaria 2025